启用中的民航机场 地雷模式 Chinese Opening Civil Airports - Statistics

General Stats
  • This quiz has been taken 191 times
  • The average score is 6 of 15
Answers on the Grid
Answers color-coded by a green-red scale on the quiz's grid according to % correct below.
东营胜利机场
儋州加来机场
兰州东岗机场
北京南苑机场
南宁邕宁机场
厦门高崎机场
合肥骆岗机场
吉林二台子机场
呼和浩特盛乐机场
唐山三女河机场
商丘观堂机场
图木舒克唐王城机场
大同东王庄机场
大连周水子机场
威海大水泊机场
延安南泥湾机场
日喀则和平机场
景德镇罗家机场
杭州笕桥机场
琼海博鳌机场
甘孜格萨尔机场
红河蒙自机场
苏州光福机场
衡阳八甲岭机场
连云港花果山机场
重庆仙女山机场
青岛流亭机场
韶关丹霞机场
香港启德机场
齐齐哈尔三家子机场
 
Answer Stats
Answer % Correct
厦门高崎机场
72%
大连周水子机场
63%
连云港花果山机场
59%
威海大水泊机场
49%
唐山三女河机场
47%
琼海博鳌机场
45%
齐齐哈尔三家子机场
44%
重庆仙女山机场
42%
东营胜利机场
39%
日喀则和平机场
35%
延安南泥湾机场
34%
景德镇罗家机场
34%
韶关丹霞机场
27%
甘孜格萨尔机场
25%
图木舒克唐王城机场
24%
No matching quizzes found
Score Distribution
Percent of People with Each Score
Percentile by Number Answered
Your Score History
You have not taken this quiz